| 000 | 00898nam a22002177a 4500 | ||
|---|---|---|---|
| 999 |
_c16236 _d16236 |
||
| 003 | AR-CdUCM | ||
| 008 | 190502b ||||| |||| 00| 0 spa d | ||
| 040 |
_aMUNICIPALIDAD PROVINCIAL DEL CUSCO _cBIBLIOTECA MUNICIPAL DEL CUSCO |
||
| 082 |
_a649.1 / _bB75 |
||
| 100 |
_aBosch Marin, Juan _935563 |
||
| 245 | _aCatecismo de Puericultura / | ||
| 260 |
_aMadrid : _bGrafias Gonzales, _c1962. |
||
| 300 |
_a232 paginas ; _bIlustraciones, _c20 cm. |
||
| 505 | _aContenido :Puericultura preconcepcional --Puericultura intrauterina --Crecimiento y desarrollo del niño --Alimentación del niño --Higiene general del niño --Conducta a seguir cuando el niño enferma --El niño abandonado / | ||
| 650 |
_aPuericultura _935564 |
||
| 650 |
_aConcepción _935565 |
||
| 650 |
_aNiño _922056 |
||
| 650 |
_aAlimentación, crecimiento,desarrollo, _935566 |
||
| 942 |
_2ddc _cLIBROS |
||
| 945 |
_arjall _d2019-05-02 |
||